000 00994cam a22002894a 4500
001 2903
005 20250602120323.0
020 _a0439321670
020 _a0761314377 (pbk.)
040 _aDLC
_cDLC
_dDLC
_beng
050 0 0 _aBF575.G68
_b2000
082 0 0 _a179.9
100 1 _aRotner, Shelley
245 1 0 _aFeeling thankful /
_cwritten by Shelley Rotner and Sheila Kelly ; photographs by Shelley Rotner.
250 _aFirst Scholastic printing, October 2001
260 _aNew York :
_bScholastic ,
_c2000
300 _a22 unnumbered pages :
_bcolor illustrations ;
_c24 cm.
505 _aE
520 _a"Full-color photographs and simple text illustrate a variety of basic things for which people are thankful"--Provided by publisher.
521 _a210
_bLexile
521 _aE
_bRaz-Plus
650 0 _aGratitude
_vJuvenile literature.
650 1 _aGratitude.
700 1 _aKelly, Sheila M
906 _a7
_bcbc
_corignew
_d1
_eocip
_f20
_gy-gencatlg
942 _2ddc
_cBK
_n0
999 _c2903
_d2903